ბათუმის შოთა რუსთაველის სახელმწიფო უნივერსიტეტის ბიბლიოთეკა

ისტორიული რარიტეტები : (ბიბ.ჩანაწერი № 59753)

000 -ლიდერი
ფიქსირებული სიგრძის საკონტროლო ველი 01615nam a22002537a 4500
003 - საკონტროლო ნომრის იდენტიფიკატორი
საკონტროლო ველი Ge_BSU
005 - ბოლო ოპერაციის თარიღი და დრო
საკონტროლო ველი 20230410164830.0
008 - ფიქსირებული სიგრძის მონაცემთა ელემენტები - ზოგადი ინფორმაცია
ფიქსირებული სიგრძის საკონტროლო ველი 230410s1989 ge ||||| |||| 00| 0 geo d
041 ## - ენის კოდი
Language code of text/sound track or separate title geo
080 ## - უნივერსალური ათობითი კლასიფიკაციის ინდექსი
Universal Decimal Classification number 94(479.22)+342(479.22) ჯ-14
100 ## - მთავარი ჩანაწერი - პიროვნების სახელი
Personal name ჯავახიშვილი, ივ.
9 (RLIN) 7329
245 ## - ცნობა სათაურის შესახებ
Title ისტორიული რარიტეტები :
Remainder of title ისტორიულად და თანამედროვე თვალსაზრისით განხილული [კრებული] /
Statement of responsibility, etc ივ. ჯავახიშვილი, პეტრე სურგულაძე, პროფ. ლისტი; რედ.: აკ. ბაქრაძე.
264 ## - წარმოების, გამოცემის, დისტრიბუციის და სხვა ცნობები
გამოცემის, წარმოების, დისტრიბუციის... ადგილი ტფილისი :
გამოცემის, წარმოების, დისტრიბუციის... სახელწოდება სახელმწიფო სტამბა,
გამოცემის, წარმოების, დისტრიბუციის... თარიღი 1989.
300 ## - ფიზიკური აღწერა
Extent 160 გვ. ;
Other physical details 20 სმ.
653 ## - INDEX TERM--UNCONTROLLED
Uncontrolled term საქართველოს ახალი ისტორია
653 ## - INDEX TERM--UNCONTROLLED
Uncontrolled term საქართველოს საზღვრები
653 ## - INDEX TERM--UNCONTROLLED
Uncontrolled term რუსეთ-საქართველოს ურთიერთობების ისტორია -- 18 ს
653 ## - INDEX TERM--UNCONTROLLED
Uncontrolled term საქართველოს ისტორიული გეოგრაფია
653 ## - INDEX TERM--UNCONTROLLED
Uncontrolled term საქართველოს სახელმწიფო სამართალი
700 ## - ADDED ENTRY--PERSONAL NAME
Personal name ბაქრაძე, აკაკი
Relator term რედაქტორი
9 (RLIN) 1269
700 ## - ADDED ENTRY--PERSONAL NAME
Personal name სურგულაძე, პეტრე
Relator term ავტორი
9 (RLIN) 17592
700 ## - ADDED ENTRY--PERSONAL NAME
Personal name ლისტი
Relator term ავტორი
9 (RLIN) 17593
942 ## - ADDED ENTRY ELEMENTS (KOHA)
Source of classification or shelving scheme
Koha item type წიგნი
ეგზემპლარები
ჩამოწერის სტატუსი დაკარგული ეგზემპლარის სტატუსი კლასიფიკაციის წყარო ან თაროზე გაწყობის სქემა დაზიანების სტატუსი არ გაიცემა მუდმივი მდებარეობა (დაცვის ადგილი) ამჟამინდელი ადგილსამყოფელი თაროზე განთავსების ადგილი შეძენის თარიღი ღირებულება, შესყიდვის ნორმალური ფასი სრული შენახვის შიფრი შტრიხკოდი ბოლო ოპერაციის თარიღი ეგზემპლარის მიმდევრობითი ნომერი (კეტერი?) Uniform Resource Identifier ფასის ძალაში შესვლის თარიღი ეგზემპლარის სახეობა საჯარო შენიშვნა
          ბათუმის შოთა რუსთაველის სახელმწიფო უნივერსიტეტის მთავარი ბიბლიოთეკა ბათუმის შოთა რუსთაველის სახელმწიფო უნივერსიტეტის მთავარი ბიბლიოთეკა წიგნსაცავი 2023-04-10 5.00 94(479.22)+342(479.22) ჯ-14 64239 2023-04-10 64239 ბსუ-ს საპატიო დოქტორის გურამ ლორთქიფანიძის საჩუქარი 2023-04-10 წიგნი 5 ლ.